Korpusz-egyértelműsítés - a morfoszintaxison túl
A korpuszok morfoszintaktikai egyértelm űsítése nem elegendő ahhoz, hogy a korpusz m inden szövegszaváról m egállapítsuk, m ely lexém ához tartozik, a problém a megoldásához szem antikai egyértelm űsítés is szükséges. A dolgozat bem utatja, hogy a m ás nyelvekre m ár sikeresen alkalm azott statiszti...
Elmentve itt :
| Szerző: | |
|---|---|
| Testületi szerző: | |
| Dokumentumtípus: | Könyv része |
| Megjelent: |
2003
|
| Sorozat: | Magyar Számítógépes Nyelvészeti Konferencia
1 |
| Kulcsszavak: | Nyelvészet - számítógép alkalmazása |
| Online Access: | http://acta.bibl.u-szeged.hu/59446 |
| LEADER | 01129naa a2200193 i 4500 | ||
|---|---|---|---|
| 001 | acta59446 | ||
| 005 | 20260224081030.0 | ||
| 008 | 190716s2003 hu o 100 hun d | ||
| 040 | |a SZTE Egyetemi Kiadványok Repozitórium |b hun | ||
| 041 | |a hun | ||
| 100 | 1 | |a Nagy Viktor | |
| 245 | 1 | 0 | |a Korpusz-egyértelműsítés - a morfoszintaxison túl |h [elektronikus dokumentum] / |c Nagy Viktor |
| 260 | |c 2003 | ||
| 300 | |a 1-6 | ||
| 490 | 0 | |a Magyar Számítógépes Nyelvészeti Konferencia |v 1 | |
| 520 | 3 | |a A korpuszok morfoszintaktikai egyértelm űsítése nem elegendő ahhoz, hogy a korpusz m inden szövegszaváról m egállapítsuk, m ely lexém ához tartozik, a problém a megoldásához szem antikai egyértelm űsítés is szükséges. A dolgozat bem utatja, hogy a m ás nyelvekre m ár sikeresen alkalm azott statisztikai algoritmusok biztató eredm ényeket produkáltak m ár kis tanulóm intán is. | |
| 695 | |a Nyelvészet - számítógép alkalmazása | ||
| 710 | |a Magyar Számítógépes Nyelvészeti Konferencia (1.) (2003) (Szeged) | ||
| 856 | 4 | 0 | |u http://acta.bibl.u-szeged.hu/59446/1/msznykonf_001_001-006.pdf |z Dokumentum-elérés |